000 00939cam a2200277 a 4500
999 _c9674
_d9674
001 4926793
003 GBCCL
005 20241126110716.0
008 950912s1996 ilu b 001 0 eng
010 _a 95041952
020 _a9780891078739
020 _a0891078738 (alk. paper)
040 _aDLC
_cDLC
_dDLC
050 0 0 _aBS2625.5
_b.H84 1996
082 0 0 _a220.7
_a226.6/07
_220
_bPRE
100 1 _aHughes, R. Kent,
_d1942-
_9917
245 1 0 _aActs :
_bthe church afire /
_cR. Kent Hughes.
260 _aWheaton, Ill. :
_bCrossway Books,
_cc1996.
300 _a380 p. ;
_c24 cm.
440 0 _aPreaching the Word
_916818
504 _aIncludes bibliographical references (p. [353]-359) and indexes.
630 0 0 _aBible.
_pActs
_xHomiletical use.
_916819
906 _a7
_bcbc
_corignew
_d1
_eocip
_f19
_gy-gencatlg
942 _2ddc
_cREF